[Event "Sanxenxo Carlos op 11th"]
[Site "Sanxenxo"]
[Date "2019.06.23"]
[Round "2"]
[White "Gonzalez Perez, Arian"]
[Black "Pelaez Murias, Eduardo"]
[Result "1-0"]
[WhiteElo "2462"]
[BlackElo "1995"]
[PlyCount "71"]
[EventDate "2019.06.22"]
[EventType "swiss"]
[EventRounds "9"]
[EventCountry "ESP"]
[SourceTitle "CBM 191 Extra"]
[Source "ChessBase"]
[SourceDate "2019.09.30"]
[SourceVersion "1"]
[SourceVersionDate "2019.09.30"]
[SourceQuality "1"]

1. d4 Nf6 2. c4 g6 3. Nc3 Bg7 4. e4 d6 5. Nf3 0-0 6. Be2 e5 7. 0-0 Na6 8. Be3 Ng4 9. Bg5 Qe8 10. dxe5 dxe5 11. h3 h6 12. Bd2 Nf6 13. Be3 Qe7 14. Qc1 Kh7 15. Nd5 Qe6 16. Nd2 c6 17. Nc3 Qe7 18. c5 Nd7 19. Bxa6 bxa6 20. Nb3 f5 21. exf5 gxf5 22. Qc2 Kh8 23. f4 exf4 24. Bxf4 Nxc5 25. Rae1 Ne4 26. Nxe4 fxe4 27. Rxe4 Qf6 28. Rd4 Be6 29. Rd6 Bxb3 30. axb3 Qxd6 31. Bxd6 Bd4+ 32. Kh2 Rxf1 33. Qd3 Bg1+ 34. Kh1 Ra1 35. Be5+ Kg8 36. Qg6+ 1-0

[Event "Lisbon Portugal rapid op"]
[Site "Lisbon"]
[Date "2018.02.10"]
[Round "4"]
[White "Pelaez Murias, Eduardo"]
[Black "Borsos, Bogdan"]
[Result "0-1"]
[WhiteElo "1961"]
[BlackElo "2301"]
[PlyCount "28"]
[EventDate "2018.02.10"]
[EventType "swiss (rapid)"]
[EventRounds "8"]
[EventCountry "POR"]
[SourceTitle "CBM 182 Extra"]
[Source "ChessBase"]
[SourceDate "2018.02.23"]
[SourceVersion "1"]
[SourceVersionDate "2018.02.23"]
[SourceQuality "1"]

1. e4 e5 2. Nf3 Nc6 3. Bb5 Nf6 4. d3 Bc5 5. 0-0 Nd4 6. Nxd4 Bxd4 7. c3 Bb6 8. Qe2 c6 9. Ba4 d6 10. Be3 Bc7 11. h3 0-0 12. Nd2 h6 13. Rad1 d5 14. Rfe1 d4 0-1

[Event "Lisbon Portugal op"]
[Site "Lisbon"]
[Date "2018.02.06"]
[Round "6"]
[White "Santos, Antonio Pereira"]
[Black "Pelaez Murias, Eduardo"]
[Result "1-0"]
[WhiteElo "2228"]
[BlackElo "1961"]
[PlyCount "51"]
[EventDate "2018.02.03"]
[EventType "swiss"]
[EventRounds "9"]
[EventCountry "POR"]
[SourceTitle "CBM 182 Extra"]
[Source "ChessBase"]
[SourceDate "2018.02.23"]
[SourceVersion "1"]
[SourceVersionDate "2018.02.23"]
[SourceQuality "1"]

1. d4 Nf6 2. c4 g6 3. Nc3 Bg7 4. e4 d6 5. Be2 0-0 6. Bg5 Na6 7. Qd2 e5 8. Nf3 Qe8 9. d5 Nd7 10. g4 Ndc5 11. Rg1 c6 12. Nh4 cxd5 13. cxd5 Bd7 14. Nf5 Bxf5 15. gxf5 Nc7 16. h4 Na4 17. h5 Nxc3 18. Qxc3 Nb5 19. Qd3 Nd4 20. f6 Bh8 21. Bg4 Qd8 22. hxg6 hxg6 23. Rh1 Bxf6 24. Qh3 Qa5+ 25. Kf1 Qb5+ 26. Kg2 1-0